Bases de la intervención en el lenguaje / (Record no. 29904)

MARC details
000 -LEADER
campo de control de longitud fija 00887nam a2200253 i 4500
001 - NÚMERO DE CONTROL
campo de control 29904
003 - IDENTIFICADOR DE NÚMERO DE CONTROL
campo de control ES-MaACL
007 - CAMPO FIJO DE DESCRIPCIÓN FÍSICA--INFORMACIÓN GENERAL
campo de control de longitud fija t|
008 - DATOS DE LONGITUD FIJA--INFORMACIÓN GENERAL
campo de control de longitud fija 030123s1986 sp ||||1| spa d
020 ## - NÚMERO INTERNACIONAL ESTÁNDAR DEL LIBRO
Número Internacional Estándar del Libro 84-205-1475-6
245 00 - MENCIÓN DEL TÍTULO
Título Bases de la intervención en el lenguaje /
Mención de responsabilidad, etc. dirigido por Richard L. Schiefelbusch ; versión española, J. Fernández Zulaica ; revisión María Angeles Quiroga Estévez.
250 ## - MENCION DE EDICION
Mención de edición 1ª ed.
260 ## - PUBLICACIÓN, DISTRIBUCIÓN, ETC.
Lugar de publicación, distribución, etc. Madrid :
Nombre del editor, distribuidor, etc. Alhambra,
Fecha de publicación, distribución, etc. 1986.
300 ## - DESCRIPCIÓN FÍSICA
Extensión VII, 383 p. ;
Dimensiones 24 cm.
490 1# - MENCIÓN DE SERIE
Mención de serie Alhambra universidad. Ciencias y técnica
500 ## - NOTA GENERAL
Nota general Indice.
504 ## - NOTA DE BIBLIOGRAFÍA, ETC.
Nota de bibliografía, etc. Bibliografía.
700 1# - ENTRADA AGREGADA--NOMBRE PERSONAL
Nombre de persona Schiefelbusch, Richard L.
9 (RLIN) 104338
700 1# - ENTRADA AGREGADA--NOMBRE PERSONAL
Nombre de persona Fernández Zulaica, Jesús.
9 (RLIN) 50198
700 1# - ENTRADA AGREGADA--NOMBRE PERSONAL
Nombre de persona Quiroga Estévez, María Angeles.
9 (RLIN) 94782
830 0# - PUNTO DE ACCESO ADICIONAL DE SERIE-TÍTULO UNIFORME
Título uniforme Alhambra universidad. Ciencias y técnica
9 (RLIN) 183877
852 ## - LOCALIZACIÓN
Ubicación ES-MaACL
Número de control de estantería G-1532
Holdings
Estatus retirado Estado de pérdida Estado de daño No para préstamo Biblioteca de origen Biblioteca actual Ubicación en estantería Fecha de adquisición Fuente de adquisición Total de préstamos Signatura topográfica completa Código de barras Visto por última vez Precio de reemplazo Tipo de ítem Koha
        Biblioteca del Ateneo de Madrid Biblioteca del Ateneo de Madrid Depósito 2 17/01/2008     G-1532 1030875 23/02/2023 23/02/2023 Libro impreso